|
|
|
|
| LEADER |
00000nab a2200000 a 4500 |
| 001 |
vtls000316633 |
| 003 |
SK-MaSNL |
| 005 |
20260304173432.0 |
| 008 |
230120c1978 xo 0 slo |
| 015 |
|
|
|a SNBRB19rr/mm-uuuuu
|
| 035 |
|
|
|a CL0006725
|
| 035 |
|
|
|a urn:nbn:sk:snk-ab2d3o
|
| 035 |
|
|
|a (urnnbn)urn:nbn:sk:snk:ar-a026fx
|
| 035 |
|
|
|a (uuid)599fc03b-7a2b-4257-b95d-06ddff6e5823
|
| 040 |
|
|
|a SNKBUCL
|b slo
|c SNKBUCL
|e AACR2
|
| 041 |
0 |
|
|a slo
|
| 044 |
|
|
|a xo
|c SK
|
| 080 |
|
|
|a 908
|2 1981
|
| 080 |
|
|
|a 796.9
|2 1981
|
| 080 |
|
|
|a 911.2(23.046)
|2 2011
|
| 080 |
|
|
|a 796.926
|2 2011
|
| 100 |
1 |
|
|a Špánik, Karol,
|d 1935-
|4 aut
|9 211625
|
| 245 |
1 |
0 |
|a Krátka dolina Suchej vody na lyžiach
|c Karol Špánik
|
| 300 |
|
|
|b Obr. 4.
|
| 650 |
0 |
7 |
|a lyžovanie
|2 snkbucl
|9 3256
|
| 650 |
0 |
7 |
|a doliny
|2 SNKPH
|9 256361
|
| 650 |
0 |
7 |
|a skialpinizmus
|2 SNKPH
|9 24168
|
| 651 |
|
7 |
|a Dolina Suchá voda (Vysoké Tatry, Slovensko)
|2 SNKPHgeo
|9 999839
|
| 655 |
|
7 |
|a články z novín a časopisov
|2 snkbucl
|9 267496
|
| 773 |
0 |
|
|t Krásy Slovenska
|g Roč. 55, č. 3 (1978), s. 122-123
|
| 850 |
|
|
|a Slovenská národná knižnica v Martine
|a MTA001
|
| 852 |
|
|
|a SNK
|b KIS3GCP
|
| 954 |
|
|
|a odborná, vedecká literatúra pôvodná (slovenská)
|2 lita
|
| 958 |
|
|
|a OND
|
| 958 |
|
|
|a RK
|
| 958 |
|
|
|a EUIPO
|
| 958 |
|
|
|a article27
|
| 992 |
|
|
|a RBX
|
| 999 |
|
|
|c 3003285
|d 3005215
|